Provérbios Coloridos (Registo nº 31421)

Detalhes MARC
000 -Etiqueta do registo
Valores 00719nam a2200289 4500
010 ## - Número ISBN
ISBN 9789724312477
021 ## - Número do Depósito Legal
-- PT
Número 255561/07
090 ## -
-- 31421
100 ## - Dados gerais de processamento
Dados gerais 20110128g2007 c y0pory5003 ba
101 1# - Língua de publicação
-- por
-- fre
102 ## - País de publicação
-- PT
105 ## -
-- a z 000ay
106 ## -
-- r
200 1# - Titulo e menção de responsabilidade
Título próprio Provérbios Coloridos
Primeira menção de responsabilidade Tiago Salgueiro
Outras menções de responsabilidade il. Elsa Navarro
210 ## - Publicação
Local de publicação Porto
Nome do editor Ambar
Data de publicação 2007
215 ## - Descrição física 
Paginação / Volumes [26] p.
Outras indicações físicas il.
Dimensões 29 cm
304 ## - Nota relativa ao título
Texto de nota Tít orig. : Scorpion
675 ## - CDU
Notação 087.5
Edição BN
Língua por
675 ## - CDU
Notação 821.134.3-93"19"
Edição BN
Língua por
675 ## - CDU
Língua por
700 #1 - Autor principal (pessoa individual)
Apelido Salgueiro
Nome Tiago
701 #1 - Co-autor principal (pessoa individual)
-- 070
702 #1 - Autor secundário (pessoa individual)
Apelido Navarro
Nome Elsa
-- 440
930 ## -
-- BECRE
990 ## - Elementos KOHA
Tipo de documento Livro
995 ## - Localização e informação dos exemplares
-- 18
Exemplares
Situação do levantamento Estado Biblioteca de origem Biblioteca de empréstimo Código de barras Cota Permissão de empréstimo Tipo de documento
  Completo Biblioteca da Escola Básica e Secundária Dr Isidoro de Sousa Biblioteca da Escola Básica e Secundária Dr Isidoro de Sousa 6529EV 087.5 SAL Disponível Livro




Powered by Koha